[Event "Mittelfranken-chTB2a 1617"]
[Site "Mittelfranken"]
[Date "2017.02.12"]
[Round "6.6"]
[White "Kirsch, Heinrich"]
[Black "Wedel, Patrick"]
[Result "1-0"]
[WhiteElo "1819"]
[BlackElo "1707"]
[PlyCount "101"]
[EventDate "2016.10.23"]
[EventType "team-tourn"]
[EventRounds "9"]
[EventCountry "GER"]
[SourceTitle "EXT 2022"]
[Source "ChessBase"]
[SourceDate "2021.10.06"]
[SourceVersion "1"]
[SourceVersionDate "2021.10.06"]
[SourceQuality "1"]
[WhiteTeam "Erlangen Siemens"]
[BlackTeam "Zirndorf II"]
[WhiteTeamCountry "GER"]
[BlackTeamCountry "GER"]

1. d4 c5 2. Nf3 cxd4 3. Nxd4 e5 4. Nb3 d5 5. Nc3 Nf6 6. Bg5 d4 7. Ne4 Be7 8. Nxf6+ Bxf6 9. Bxf6 Qxf6 10. g3 Nc6 11. Bg2 0-0 12. 0-0 Bf5 13. Qd2 Qg6 14. c3 dxc3 15. Qxc3 e4 16. Rfd1 Rac8 17. Nd4 Ne5 18. Nxf5 Qxf5 19. Qd4 Rc4 20. Qd5 Rb4 21. b3 e3 22. f4 Rb5 23. Qd4 Ng4 24. Rd3 Qh5 25. h4 Qg6 26. Be4 Qb6 27. Qxb6 Rxb6 28. Rc1 g6 29. Bf3 h5 30. Rc7 Ra6 31. a4 b5 32. Bc6 bxa4 33. Bxa4 Ra5 34. Kg2 a6 35. Kf3 Kg7 36. Rd6 Nf6 37. Rd3 Nd5 38. Rc1 Nb6 39. Rd4 Nxa4 40. Rxa4 Rxa4 41. bxa4 Rb8 42. Rc6 Rb3 43. Rxa6 Ra3 44. Ra5 Kf6 45. Ra8 Ke6 46. a5 Kd5 47. a6 Kc6 48. Rf8 Rxa6 49. Rxf7 Kd5 50. Kxe3 Ra3+ 51. Kf2 1-0

[Event "Mittelfranken-chTB2a 1617"]
[Site "Mittelfranken"]
[Date "2017.01.22"]
[Round "5.6"]
[White "Wedel, Patrick"]
[Black "Classen, Anton"]
[Result "1/2-1/2"]
[WhiteElo "1707"]
[BlackElo "1828"]
[PlyCount "104"]
[EventDate "2016.10.23"]
[EventType "team-tourn"]
[EventRounds "9"]
[EventCountry "GER"]
[SourceTitle "EXT 2022"]
[Source "ChessBase"]
[SourceDate "2021.10.06"]
[SourceVersion "1"]
[SourceVersionDate "2021.10.06"]
[SourceQuality "1"]
[WhiteTeam "Zirndorf II"]
[BlackTeam "Buechenbach/Roth II"]
[WhiteTeamCountry "GER"]
[BlackTeamCountry "GER"]

1. e4 Nf6 2. e5 Nd5 3. d4 d6 4. c4 Nb6 5. Nf3 Bg4 6. exd6 exd6 7. Bd3 Be7 8. 0-0 Nc6 9. Be3 0-0 10. a3 Bf6 11. Qc2 Bxf3 12. Bxh7+ Kh8 13. gxf3 Bxd4 14. Bxd4 Qg5+ 15. Kh1 Nxd4 16. Qd3 Ne6 17. Rg1 Qh4 18. Be4 Na4 19. Qd5 Nac5 20. Rg4 Qh6 21. Nc3 Nxe4 22. fxe4 g6 23. e5 dxe5 24. Qxe5+ Qg7 25. Rh4+ Kg8 26. Qe3 Rfe8 27. Qf3 Ng5 28. Qd5 Qf6 29. f4 Ne4 30. Rh6 Kg7 31. Rxg6+ Qxg6 32. Qd4+ Kh7 33. Rg1 Qxg1+ 34. Kxg1 Nxc3 35. Qxc3 Rf8 36. Qh3+ Kg7 37. Qg4+ Kf6 38. Qg5+ Ke6 39. Qe5+ Kd7 40. Qd5+ Kc8 41. Qf5+ Kd8 42. Qf6+ Kd7 43. Kf2 Rae8 44. Qd4+ Kc8 45. Qxa7 c6 46. Qa8+ Kc7 47. Qa5+ Kb8 48. b4 Rh8 49. Qf5 Rxh2+ 50. Kg3 Ra2 51. Qxf7 Rxa3+ 52. Kg4 Rae3 1/2-1/2

[Event "Mittelfranken Mitte-ch 0506"]
[Site "Zirndorf"]
[Date "2006.01.08"]
[Round "5"]
[White "Wedel, Patrick"]
[Black "Suess, Helmut"]
[Result "0-1"]
[WhiteElo "1579"]
[BlackElo "1855"]
[PlyCount "42"]
[EventDate "2006.01.06"]
[EventType "swiss"]
[EventRounds "7"]
[EventCountry "GER"]
[SourceTitle "EXT 2015"]
[Source "ChessBase"]
[SourceDate "2014.11.20"]
[SourceVersion "1"]
[SourceVersionDate "2014.11.20"]
[SourceQuality "1"]

1. e4 c6 2. d4 d5 3. Nc3 dxe4 4. Nxe4 Bf5 5. Ng3 Bg6 6. h4 h6 7. h5 Bh7 8. Nf3 Nd7 9. Bd3 Bxd3 10. Qxd3 e6 11. Bf4 Ngf6 12. c4 Bb4+ 13. Nd2 Nc5 14. Qe3 Ng4 15. Qe2 Qxd4 16. Be3 Nxe3 17. Qxe3 Qxe3+ 18. fxe3 0-0-0 19. Rd1 Nd3+ 20. Ke2 Nxb2 21. Nge4 Nxd1 0-1

[Event "Mittelfranken Mitte-ch 0506"]
[Site "Zirndorf"]
[Date "2006.01.07"]
[Round "3"]
[White "Wedel, Patrick"]
[Black "Muenzenberg, Dietrich"]
[Result "1/2-1/2"]
[WhiteElo "1579"]
[BlackElo "1692"]
[PlyCount "73"]
[EventDate "2006.01.06"]
[EventType "swiss"]
[EventRounds "7"]
[EventCountry "GER"]
[SourceTitle "EXT 2015"]
[Source "ChessBase"]
[SourceDate "2014.11.20"]
[SourceVersion "1"]
[SourceVersionDate "2014.11.20"]
[SourceQuality "1"]

1. e4 c5 2. Nf3 Nc6 3. d4 cxd4 4. Nxd4 Nf6 5. Nc3 a6 6. Be3 d6 7. Be2 g6 8. 0-0 Bg7 9. f4 0-0 10. Qd2 Re8 11. Rad1 Qc7 12. Nxc6 bxc6 13. f5 Nd7 14. Bc4 Ne5 15. Bb3 Rf8 16. Bh6 Ng4 17. Bxg7 Kxg7 18. h3 Qb6+ 19. Qd4+ Qxd4+ 20. Rxd4 Ne5 21. g4 f6 22. Ne2 g5 23. Rb4 c5 24. Rb6 Bd7 25. Bd5 Rab8 26. Rb3 Rxb3 27. axb3 Bb5 28. Rf2 Bxe2 29. Rxe2 Rb8 30. Kf2 Rb4 31. c3 Rb6 32. Ke3 h5 33. gxh5 Kh6 34. Rg2 Kxh5 35. h4 g4 36. Kf4 a5 37. Rd2 1/2-1/2

[Event "Mittelfranken Mitte-ch 0506"]
[Site "Zirndorf"]
[Date "2006.??.??"]
[Round "7"]
[White "Ceglar, Michael"]
[Black "Wedel, Patrick"]
[Result "1-0"]
[WhiteElo "1814"]
[BlackElo "1579"]
[PlyCount "71"]
[EventDate "2006.01.06"]
[EventType "swiss"]
[EventRounds "7"]
[EventCountry "GER"]
[SourceTitle "EXT 2015"]
[Source "ChessBase"]
[SourceDate "2014.11.20"]
[SourceVersion "1"]
[SourceVersionDate "2014.11.20"]
[SourceQuality "1"]

1. e4 e6 2. d4 d5 3. exd5 exd5 4. Nf3 Bd6 5. Bg5 f6 6. Bh4 Ne7 7. Bd3 Bg4 8. 0-0 Nbc6 9. c3 Qd7 10. Nbd2 0-0-0 11. Qc2 Bf5 12. b4 Bxd3 13. Qxd3 Nf5 14. Bg3 Nxg3 15. fxg3 h5 16. Nh4 Ne7 17. Nf5 g5 18. Rae1 h4 19. g4 c6 20. Nb3 b6 21. a4 Qc7 22. h3 Rhf8 23. Ng7 Bg3 24. Re2 Qd6 25. Ne6 Rf7 26. Qa6+ Kb8 27. Nxd8 Qxd8 28. Re6 Ng6 29. a5 Nf4 30. Rxc6 Qe8 31. axb6 Nxh3+ 32. Kh1 Nf2+ 33. Rxf2 Bxf2 34. Re6 Re7 35. Qxa7+ Kc8 36. Rxe7 1-0